Welcome to CU Library Online Public Access Catalogue (OPAC)

The Stripping of the Altars: (Record no. 5409)

MARC details
000 -LEADER
fixed length control field 00503nam a22001697a 4500
005 - DATE AND TIME OF LATEST TRANSACTION
control field 20250411120255.0
008 - FIXED-LENGTH DATA ELEMENTS--GENERAL INFORMATION
fixed length control field 250411b |||||||| |||| 00| 0 eng d
020 ## - INTERNATIONAL STANDARD BOOK NUMBER
International Standard Book Number 9780300060768
050 ## - LIBRARY OF CONGRESS CALL NUMBER
Classification number BR742
Item number .D84 DUF
100 ## - MAIN ENTRY--PERSONAL NAME
Personal name Duffy Eamon
245 ## - TITLE STATEMENT
Title The Stripping of the Altars:
Remainder of title Traditional Religion in England 1400-1580/
Statement of responsibility, etc. Eamon Duffy
260 ## - PUBLICATION, DISTRIBUTION, ETC.
Place of publication, distribution, etc. London
Name of publisher, distributor, etc. Yale University Press
Date of publication, distribution, etc. 1992
300 ## - PHYSICAL DESCRIPTION
Extent xii. 654p.
Other physical details ill.
Dimensions 23 cm
500 ## - GENERAL NOTE
General note Includes Index
650 ## - SUBJECT ADDED ENTRY--TOPICAL TERM
Source of heading or term Theology
942 ## - ADDED ENTRY ELEMENTS (KOHA)
Source of classification or shelving scheme Library of Congress Classification
Koha item type Books
Suppress in OPAC No
999 ## -
-- 5409
-- 5409
Holdings
Withdrawn status Lost status Source of classification or shelving scheme Damaged status Not for loan Collection Home library Current library Shelving location Date acquired Total checkouts Full call number Barcode Date last seen Copy number Price effective from Koha item type
    Library of Congress Classification     Non-fiction Business Library (Miotso) Business Library (Miotso) General stacks 04/11/2025   BR742 .D84 DUF BSSM00001766 04/11/2025 1 04/11/2025 Books
    Library of Congress Classification     Non-fiction Undergraduate Library (Christ Temple) Undergraduate Library (Christ Temple) General stacks 06/20/2025   BR742.D84 DUF ulct00003463 06/20/2025 1 06/05/2025 Books
© 2023-2024 Copyright: Central University Libraries. All Rights Reserved | Created by: Mahone Tech Office